header

Modeling and simulation in manufacturing and defense acquisition (Record no. 41581)

MARC details
000 -LEADER
fixed length control field 01212nam a2200253Ia 4500
245 00 - TITLE STATEMENT
Title Modeling and simulation in manufacturing and defense acquisition
260 ## - PUBLICATION, DISTRIBUTION, ETC. (IMPRINT)
Place of publication Washington, D.C. :
Name of publisher National Academies Press,
Year of publication c2002.
300 ## - PHYSICAL DESCRIPTION
Number of Pages xiv, 183 p.
650 #0 - SUBJECT ADDED ENTRY--TOPICAL TERM
Topical Term Simulation methods.
856 40 - ELECTRONIC LOCATION AND ACCESS
Uniform Resource Identifier http://site.ebrary.com/lib/rucke/Doc?id=10068437

No items available.

© 2026 Rongo University
Contact us: librarian | system librarian | Rongo university